[Event "Hull CC - LEO ferme ch C"]
[Site "Gatineau CAN"]
[Date "2008.04.15"]
[Round "1"]
[White "Rainey, Ivan"]
[Black "Berthiaume, Patrick"]
[Result "0-1"]
[WhiteElo "1337"]
[BlackElo "1171"]
[PlyCount "68"]
[GameId "2160767910351168"]
[EventDate "2008.04.15"]
[EventType "swiss"]
[EventRounds "6"]
[EventCountry "CAN"]
[SourceTitle "EXT 2022"]
[Source "ChessBase"]
[SourceDate "2021.10.06"]
[SourceVersion "1"]
[SourceVersionDate "2021.10.06"]
[SourceQuality "1"]

1. e4 e5 2. Nf3 Nf6 3. Nxe5 d6 4. Nf3 Nxe4 5. d4 d5 6. c4 Bb4+ 7. Bd2 Bxd2+ 8. Nbxd2 Nxd2 9. Qxd2 O-O 10. Be2 Re8 11. O-O Bg4 12. Rac1 Nc6 13. Rfe1 Qf6 14. cxd5 Bxf3 15. dxc6 Bxc6 16. d5 Rad8 17. Bf3 Rxe1+ 18. Qxe1 Re8 19. Qb4 a5 20. Qa3 Qg5 21. Rd1 Bxd5 22. Qxa5 c6 23. h3 Qg6 24. Bxd5 cxd5 25. Qxd5 Qc2 26. Qd2 Qa4 27. a3 h6 28. Qd4 Re1+ 29. Rxe1 Qxd4 30. Rb1 Qd3 31. Ra1 g5 32. b4 Qc3 33. Ra2 Qb3 34. Ra1 Qb2 0-1

[Event "Hull CC - LEO ferme ch C"]
[Site "Gatineau CAN"]
[Date "2008.04.15"]
[Round "1"]
[White "Sunatori, Evelyne"]
[Black "MacIsaac, Alexandre"]
[Result "0-1"]
[WhiteElo "1190"]
[BlackElo "1372"]
[PlyCount "64"]
[GameId "2160767910351169"]
[EventDate "2008.04.15"]
[EventType "swiss"]
[EventRounds "6"]
[EventCountry "CAN"]
[SourceTitle "EXT 2022"]
[Source "ChessBase"]
[SourceDate "2021.10.06"]
[SourceVersion "1"]
[SourceVersionDate "2021.10.06"]
[SourceQuality "1"]

1. e4 e5 2. Nf3 Nc6 3. Bc4 Bc5 4. d3 Nf6 5. Bg5 h6 6. Bh4 d6 7. Bxf6 Qxf6 8. Nc3 Be6 9. Bb3 O-O 10. h3 Qg6 11. Nh4 Qg5 12. g3 Qf6 13. Qd2 Nd4 14. O-O-O Bxb3 15. cxb3 Nf3 16. Nxf3 Qxf3 17. Rhf1 Qg2 18. f4 Qxg3 19. fxe5 Be3 20. Nd5 Bxd2+ 21. Rxd2 c6 22. Ne7+ Kh8 23. exd6 Qxd6 24. Nf5 Qf6 25. Rdf2 Qg5+ 26. Kc2 g6 27. Nxh6 Qxh6 28. Rh2 Kg7 29. Kc3 Qe3 30. h4 f5 31. exf5 Qe5+ 32. Kc4 b5+ 0-1

[Event "Hull CC - LEO ferme ch C"]
[Site "Gatineau CAN"]
[Date "2008.04.22"]
[Round "2"]
[White "Berthiaume, Patrick"]
[Black "Sunatori, Evelyne"]
[Result "0-1"]
[WhiteElo "1171"]
[BlackElo "1190"]
[PlyCount "102"]
[GameId "2160767910351170"]
[EventDate "2008.04.15"]
[EventType "swiss"]
[EventRounds "6"]
[EventCountry "CAN"]
[SourceTitle "EXT 2022"]
[Source "ChessBase"]
[SourceDate "2021.10.06"]
[SourceVersion "1"]
[SourceVersionDate "2021.10.06"]
[SourceQuality "1"]

1. d4 d5 2. c4 c6 3. Nc3 Nf6 4. Nf3 b6 5. Bf4 e6 6. e3 Bd6 7. Bg3 Bxg3 8. hxg3 Ba6 9. b3 c5 10. Bd3 cxd4 11. exd4 Nc6 12. Ne5 Qc7 13. Nxc6 Qxc6 14. Qf3 Bb7 15. Ne2 O-O-O 16. Rc1 Kb8 17. c5 Qd7 18. Qf4+ Ka8 19. cxb6 axb6 20. Qc7 Qxc7 21. Rxc7 Rdf8 22. Kd2 Ne4+ 23. Bxe4 dxe4 24. Ke3 g5 25. Rhc1 f5 26. Re7 Re8 27. Rcc7 Rxe7 28. Rxe7 Bc8 29. f3 exf3 30. gxf3 h5 31. f4 g4 32. Nc3 h4 33. Kf2 h3 34. Kg1 h2+ 35. Kh1 Bb7+ 36. Rxb7 Kxb7 37. d5 exd5 38. Nxd5 Re8 39. Kxh2 Re2+ 40. Kg1 Rxa2 41. Ne7 Ra5 42. b4 Rb5 43. Kf2 Kc7 44. Ke3 Kd6 45. Nc8+ Ke6 46. Kd4 Rxb4+ 47. Kc3 Rb1 48. Kc2 Rb5 49. Na7 Rc5+ 50. Kd3 Kd5 51. Kd2 Ke4 0-1

[Event "Hull CC - LEO ferme ch C"]
[Site "Gatineau CAN"]
[Date "2008.04.22"]
[Round "2"]
[White "Reitano, Michael"]
[Black "Rainey, Ivan"]
[Result "0-1"]
[WhiteElo "987"]
[BlackElo "1337"]
[PlyCount "68"]
[GameId "2160767910351171"]
[EventDate "2008.04.15"]
[EventType "swiss"]
[EventRounds "6"]
[EventCountry "CAN"]
[SourceTitle "EXT 2022"]
[Source "ChessBase"]
[SourceDate "2021.10.06"]
[SourceVersion "1"]
[SourceVersionDate "2021.10.06"]
[SourceQuality "1"]

1. e4 c6 2. d4 d5 3. e5 Bf5 4. c3 e6 5. Nf3 c5 6. Be2 h6 7. Be3 Qb6 8. Nh4 Qxb2 9. Qd2 Qxa1 10. Qc1 Qxb1 11. O-O Qxc1 12. Rxc1 cxd4 13. cxd4 Nc6 14. Bb5 Rc8 15. f4 Nge7 16. Nf3 Ng6 17. h3 a6 18. Ba4 b5 19. Bd1 Bb4 20. Rc2 Bxc2 21. Bxc2 O-O 22. g4 Nce7 23. f5 Rxc2 24. Ne1 Bxe1 25. h4 Nxh4 26. Kf1 Bd2 27. Ke2 Bxe3+ 28. Kxe3 exf5 29. Kf4 Rfc8 30. gxf5 R8c3 31. f6 Rf3+ 32. Kg4 Rg2+ 33. Kxh4 Nf5+ 34. Kh5 g6# 0-1

[Event "Hull CC - LEO ferme ch C"]
[Site "Gatineau CAN"]
[Date "2008.04.25"]
[Round "2"]
[White "MacIsaac, Alexandre"]
[Black "Jiang, Qizhe"]
[Result "1-0"]
[WhiteElo "1372"]
[BlackElo "963"]
[PlyCount "63"]
[GameId "2160767910351172"]
[EventDate "2008.04.15"]
[EventType "swiss"]
[EventRounds "6"]
[EventCountry "CAN"]
[SourceTitle "EXT 2022"]
[Source "ChessBase"]
[SourceDate "2021.10.06"]
[SourceVersion "1"]
[SourceVersionDate "2021.10.06"]
[SourceQuality "1"]

1. e4 e5 2. Nf3 Nc6 3. Bc4 h6 4. d4 d6 5. dxe5 dxe5 6. Qxd8+ Kxd8 7. O-O Nf6 8. Bxf7 Nxe4 9. Re1 Bf5 10. Bd5 Nf6 11. Bxc6 bxc6 12. Nxe5 Kc8 13. Nxc6 Bxc2 14. Ne7+ Bxe7 15. Rxe7 Bxb1 16. Rxb1 g5 17. Bd2 Nd5 18. Rf7 g4 19. Rc1 h5 20. Ba5 Kb7 21. Bxc7 Kc8 22. Be5+ Nc7 23. Rcxc7+ Kd8 24. Bxh8 Rc8 25. Rxc8+ Kxc8 26. Rxa7 Kd8 27. Rb7 h4 28. Bf6+ Kc8 29. Rg7 g3 30. hxg3 hxg3 31. fxg3 Kb8 32. Re7 1-0

[Event "Hull CC - LEO ferme ch C"]
[Site "Gatineau CAN"]
[Date "2008.04.29"]
[Round "3"]
[White "MacIsaac, Alexandre"]
[Black "Berthiaume, Patrick"]
[Result "1/2-1/2"]
[WhiteElo "1372"]
[BlackElo "1214"]
[PlyCount "89"]
[GameId "2160767910351173"]
[EventDate "2008.04.15"]
[EventType "swiss"]
[EventRounds "6"]
[EventCountry "CAN"]
[SourceTitle "EXT 2022"]
[Source "ChessBase"]
[SourceDate "2021.10.06"]
[SourceVersion "1"]
[SourceVersionDate "2021.10.06"]
[SourceQuality "1"]

1. e4 e6 2. d4 d5 3. Nc3 Bb4 4. e5 c5 5. a3 Bxc3+ 6. bxc3 c4 7. Qg4 g6 8. Bg5 f6 9. exf6 Nxf6 10. Qf4 Kf7 11. Bxf6 Qxf6 12. Qxf6+ Kxf6 13. Nf3 Nc6 14. Be2 Bd7 15. O-O a5 16. Rab1 Rhb8 17. Rb6 Ra6 18. Rfb1 Ra7 19. Re1 Ra6 20. Ne5 Nxe5 21. dxe5+ Ke7 22. Reb1 Rxb6 23. Rxb6 Bc6 24. Bg4 h5 25. Bh3 Kf7 26. f4 Rg8 27. Kf2 g5 28. g3 g4 29. Bf1 Ra8 30. h3 Kg6 31. hxg4 hxg4 32. Be2 Kf5 33. Rb1 Rh8 34. Kg2 Rh7 35. Kf2 Rh2+ 36. Ke3 Rg2 37. Rb3 Rxe2+ 38. Kxe2 cxb3 39. cxb3 b5 40. Kd3 Bb7 41. Kd4 Ba6 42. Kc5 b4 43. axb4 axb4 44. cxb4 Ke4 45. b5 1/2-1/2

[Event "Hull CC - LEO ferme ch C"]
[Site "Gatineau CAN"]
[Date "2008.04.29"]
[Round "3"]
[White "Sunatori, Evelyne"]
[Black "Reitano, Michael"]
[Result "1-0"]
[WhiteElo "1185"]
[BlackElo "961"]
[PlyCount "93"]
[GameId "2160767910351174"]
[EventDate "2008.04.15"]
[EventType "swiss"]
[EventRounds "6"]
[EventCountry "CAN"]
[SourceTitle "EXT 2022"]
[Source "ChessBase"]
[SourceDate "2021.10.06"]
[SourceVersion "1"]
[SourceVersionDate "2021.10.06"]
[SourceQuality "1"]

1. e4 e5 2. Nf3 Nc6 3. Bc4 Qe7 4. d3 d6 5. h3 Be6 6. Bb3 Na5 7. Nc3 Qd7 8. Ba4 c6 9. Bd2 Be7 10. Bb3 b5 11. Bxe6 fxe6 12. a4 b4 13. Nb1 c5 14. Ng5 h6 15. Qh5+ Kd8 16. Nf7+ Kc7 17. Nxh8 Nf6 18. Qg6 Rxh8 19. Qxg7 Qd8 20. Bxh6 Nh5 21. Qg6 Nf6 22. Qg5 Rg8 23. Qe3 Nb7 24. O-O d5 25. exd5 Nxd5 26. Qxe5+ Bd6 27. Qxe6 Kc6 28. c4 Nc7 29. Qe4+ Kb6 30. a5+ Nxa5 31. Nd2 Rh8 32. Be3 Na6 33. d4 Qc8 34. Ra2 b3 35. Ra3 Kc7 36. Rxa5 Kb6 37. Rb5+ Kc7 38. dxc5 Bf8 39. Qe5+ Kd8 40. Qxh8 Ke8 41. Bh6 Qe6 42. Qxf8+ Kd7 43. Rb7+ Kc6 44. Qf3+ Kxc5 45. Be3+ Kd6 46. Bxa7 Qc8 47. Qd5# 1-0

[Event "Hull CC - LEO ferme ch C"]
[Site "Gatineau CAN"]
[Date "2008.05.06"]
[Round "4"]
[White "Berthiaume, Patrick"]
[Black "Jiang, Qizhe"]
[Result "1-0"]
[WhiteElo "1171"]
[BlackElo "963"]
[PlyCount "105"]
[GameId "2160767910351175"]
[EventDate "2008.04.15"]
[EventType "swiss"]
[EventRounds "6"]
[EventCountry "CAN"]
[SourceTitle "EXT 2022"]
[Source "ChessBase"]
[SourceDate "2021.10.06"]
[SourceVersion "1"]
[SourceVersionDate "2021.10.06"]
[SourceQuality "1"]

1. d4 d5 2. c4 e6 3. Nc3 Nf6 4. Bf4 Bb4 5. Nf3 Nc6 6. e3 Ne4 7. Qb3 h6 8. Bd3 Qe7 9. O-O Na5 10. Qc2 Nf6 11. a3 Bxc3 12. bxc3 O-O 13. cxd5 exd5 14. Be5 Nc4 15. Bxf6 Qxf6 16. Rfe1 Qd6 17. Qb3 Be6 18. e4 dxe4 19. Bxe4 Na5 20. Qb2 Bd5 21. Bxd5 Qxd5 22. Re5 Qd6 23. Rxa5 b6 24. Re5 Rac8 25. Rae1 Qc6 26. Qb5 Qa8 27. d5 a6 28. Qc6 Qxc6 29. dxc6 Rcd8 30. Re7 Rc8 31. Rd1 Rfd8 32. Rdd7 Kf8 33. Rxf7+ Ke8 34. Rxg7 Rxd7 35. Rxd7 Rd8 36. Rxd8+ Kxd8 37. Ne5 Ke7 38. f4 Ke6 39. Kf2 Kf5 40. g3 Ke4 41. Nf7 h5 42. Ng5+ Kf5 43. Kf3 a5 44. c4 a4 45. h3 Kf6 46. g4 hxg4+ 47. hxg4 Ke7 48. Ke4 Kd6 49. f5 Kxc6 50. f6 Kd7 51. Ke5 c6 52. Nh7 Ke8 53. Ke6 1-0

[Event "Hull CC - LEO ferme ch C"]
[Site "Gatineau CAN"]
[Date "2008.05.06"]
[Round "4"]
[White "Rainey, Ivan"]
[Black "Sunatori, Evelyne"]
[Result "1-0"]
[WhiteElo "1337"]
[BlackElo "1190"]
[PlyCount "101"]
[GameId "2160767910351176"]
[EventDate "2008.04.15"]
[EventType "swiss"]
[EventRounds "6"]
[EventCountry "CAN"]
[SourceTitle "EXT 2022"]
[Source "ChessBase"]
[SourceDate "2021.10.06"]
[SourceVersion "1"]
[SourceVersionDate "2021.10.06"]
[SourceQuality "1"]

1. e4 e5 2. Nf3 Nc6 3. Bb5 d6 4. O-O Nf6 5. Nc3 Bd7 6. Re1 Nd4 7. Bxd7+ Qxd7 8. Nxd4 exd4 9. Ne2 c5 10. b3 Be7 11. d3 O-O 12. Bb2 Qg4 13. f3 Qg5 14. c3 d5 15. Bc1 Qe5 16. exd5 Nxd5 17. Nxd4 Qf6 18. Ne2 Rfe8 19. Bd2 Bd6 20. c4 Nb6 21. Bc3 Qh6 22. Ng3 Re6 23. Rxe6 Qxe6 24. Qd2 Be5 25. Bxe5 Qxe5 26. Re1 Qd4+ 27. Qe3 Qxe3+ 28. Rxe3 g6 29. Re7 Rd8 30. Rxb7 Rxd3 31. Rxa7 Rd1+ 32. Nf1 Rd7 33. Rxd7 Nxd7 34. Nd2 Kf8 35. Ne4 Ke7 36. Kf2 Ke6 37. Ke3 Kf5 38. Kd3 Ke5 39. Kc3 f5 40. Nd2 Kd6 41. Kb2 Kc6 42. f4 Kb6 43. Nf3 Nf8 44. Kc3 Ne6 45. g3 Ka5 46. a3 Nc7 47. Ng5 h6 48. Nf7 g5 49. fxg5 hxg5 50. Nxg5 Ne8 51. h4 1-0

[Event "Hull CC - LEO ferme ch C"]
[Site "Gatineau CAN"]
[Date "2008.05.06"]
[Round "4"]
[White "Reitano, Michael"]
[Black "MacIsaac, Alexandre"]
[Result "0-1"]
[WhiteElo "961"]
[BlackElo "1356"]
[PlyCount "62"]
[GameId "2160767910351177"]
[EventDate "2008.04.15"]
[EventType "swiss"]
[EventRounds "6"]
[EventCountry "CAN"]
[SourceTitle "EXT 2022"]
[Source "ChessBase"]
[SourceDate "2021.10.06"]
[SourceVersion "1"]
[SourceVersionDate "2021.10.06"]
[SourceQuality "1"]

1. e4 e5 2. c3 Nf6 3. d3 d5 4. Nd2 dxe4 5. Qa4+ Nc6 6. Nxe4 Bd6 7. f3 Nxe4 8. fxe4 f5 9. Be3 a6 10. O-O-O b5 11. Qc2 O-O 12. a3 fxe4 13. Be2 Qf6 14. dxe4 Qg6 15. g3 Bb7 16. Bd3 Na5 17. Ne2 Nc4 18. Bg1 Qg5+ 19. Kb1 Ne3 20. Qc1 Rf3 21. h3 Bc5 22. h4 Qh6 23. Bh2 Nxd1 24. Qxd1 Rd8 25. g4 Rdxd3 26. Qg1 Bxg1 27. Bxg1 Rf1+ 28. Nc1 Qxc1+ 29. Ka2 Bxe4 30. Rh2 Rd2 31. Be3 Qxb2# 0-1

[Event "Hull CC - LEO ferme ch C"]
[Site "Gatineau CAN"]
[Date "2008.05.13"]
[Round "5"]
[White "Berthiaume, Patrick"]
[Black "Reitano, Michael"]
[Result "1-0"]
[WhiteElo "1214"]
[BlackElo "961"]
[PlyCount "51"]
[GameId "2160767910351178"]
[EventDate "2008.04.15"]
[EventType "swiss"]
[EventRounds "6"]
[EventCountry "CAN"]
[SourceTitle "EXT 2022"]
[Source "ChessBase"]
[SourceDate "2021.10.06"]
[SourceVersion "1"]
[SourceVersionDate "2021.10.06"]
[SourceQuality "1"]

1. d4 d5 2. c4 Nf6 3. cxd5 Nxd5 4. e4 Nf6 5. Nc3 Nc6 6. d5 Ne5 7. f4 Nc4 8. Bxc4 g6 9. e5 Ng8 10. Bb5+ Bd7 11. Qa4 Bh6 12. Bxd7+ Kf8 13. e6 g5 14. fxg5 Bg7 15. exf7 Kxf7 16. Qf4+ Nf6 17. Be6+ Ke8 18. gxf6 exf6 19. Qa4+ c6 20. Bf4 Kf8 21. O-O-O a6 22. dxc6 Qe8 23. Bd6+ Qe7 24. Bxe7+ Kxe7 25. Rd7+ Kxe6 26. Qe4# 1-0

[Event "Hull CC - LEO ferme ch C"]
[Site "Gatineau CAN"]
[Date "2008.05.13"]
[Round "5"]
[White "MacIsaac, Alexandre"]
[Black "Rainey, Ivan"]
[Result "1/2-1/2"]
[WhiteElo "1356"]
[BlackElo "1337"]
[PlyCount "34"]
[GameId "2160767910351179"]
[EventDate "2008.04.15"]
[EventType "swiss"]
[EventRounds "6"]
[EventCountry "CAN"]
[SourceTitle "EXT 2022"]
[Source "ChessBase"]
[SourceDate "2021.10.06"]
[SourceVersion "1"]
[SourceVersionDate "2021.10.06"]
[SourceQuality "1"]

1. e4 c6 2. d4 d5 3. e5 Bf5 4. c4 dxc4 5. Bxc4 e6 6. Nc3 Bb4 7. Nge2 Ne7 8. Bd2 b5 9. Bb3 Bd3 10. a3 Ba5 11. O-O O-O 12. Bc2 Bxe2 13. Nxe2 Bxd2 14. Qxd2 Qb6 15. Qd3 Rd8 16. Qxh7+ Kf8 17. Qh8+ Ng8 1/2-1/2

[Event "Hull CC - LEO ferme ch C"]
[Site "Gatineau CAN"]
[Date "2008.05.13"]
[Round "5"]
[White "Sunatori, Evelyne"]
[Black "Jiang, Qizhe"]
[Result "0-1"]
[WhiteElo "1190"]
[BlackElo "963"]
[PlyCount "72"]
[GameId "2160767910351180"]
[EventDate "2008.04.15"]
[EventType "swiss"]
[EventRounds "6"]
[EventCountry "CAN"]
[SourceTitle "EXT 2022"]
[Source "ChessBase"]
[SourceDate "2021.10.06"]
[SourceVersion "1"]
[SourceVersionDate "2021.10.06"]
[SourceQuality "1"]

1. e4 e5 2. Nf3 Nc6 3. Bc4 Nf6 4. Ng5 d5 5. exd5 Na5 6. Nc3 Nxc4 7. Qe2 Nb6 8. Qxe5+ Be7 9. O-O Nfxd5 10. Qxg7 Rf8 11. Nxh7 Nf6 12. Nxf6+ Bxf6 13. Re1+ Be6 14. Qg3 Qe7 15. d3 O-O-O 16. Bf4 Rg8 17. Qe3 a6 18. a3 Rde8 19. Re2 Qd7 20. Kf1 Bg4 21. Qc1 Bxe2+ 22. Nxe2 Na4 23. Rb1 Qg4 24. Ng3 Bxb2 25. Qd1 Qxf4 26. Qf3 Qxf3 27. gxf3 Bxa3 28. Ra1 Bd6 29. Rxa4 Bxg3 30. fxg3 Rh8 31. Re4 Rxe4 32. fxe4 Rxh2 33. c3 Rc2 34. c4 Rd2 35. e5 Rxd3 36. Kf2 Rc3 0-1

[Event "Hull CC - LEO ferme ch C"]
[Site "Gatineau CAN"]
[Date "2008.05.17"]
[Round "6"]
[White "Jiang, Qizhe"]
[Black "Rainey, Ivan"]
[Result "0-1"]
[WhiteElo "963"]
[BlackElo "1337"]
[PlyCount "118"]
[GameId "2160767910351181"]
[EventDate "2008.04.15"]
[EventType "swiss"]
[EventRounds "6"]
[EventCountry "CAN"]
[SourceTitle "EXT 2022"]
[Source "ChessBase"]
[SourceDate "2021.10.06"]
[SourceVersion "1"]
[SourceVersionDate "2021.10.06"]
[SourceQuality "1"]

1. e4 c6 2. Nc3 d5 3. d4 dxe4 4. Nxe4 Bf5 5. Bd3 Qxd4 6. Qf3 Bxe4 7. Qxe4 Qxe4+ 8. Bxe4 Nf6 9. f3 Nxe4 10. fxe4 e5 11. Nf3 Nd7 12. Be3 Bd6 13. O-O-O Ke7 14. Rd2 Nf6 15. Bg5 Ke6 16. Bxf6 gxf6 17. Rhd1 Rad8 18. Nh4 Bc7 19. Rf2 Rxd1+ 20. Kxd1 Bb6 21. Rd2 Rg8 22. g3 Rd8 23. Rxd8 Bxd8 24. Nf5 Bb6 25. c3 Bc5 26. b4 Bd6 27. Nxd6 Kxd6 28. Ke2 h5 29. h3 Ke6 30. h4 f5 31. Kf3 fxe4+ 32. Kxe4 f5+ 33. Ke3 Kd5 34. a3 Kc4 35. Kd2 e4 36. Ke3 Kxc3 37. Kf4 Kd3 38. Kxf5 e3 39. g4 hxg4 40. Kxg4 e2 41. h5 e1=Q 42. h6 Qe7 43. Kh5 Qh7 44. Kg5 b6 45. Kf6 Qxh6+ 46. Ke5 Qe3+ 47. Kd6 c5 48. bxc5 Qxc5+ 49. Ke6 Qxa3 50. Kd7 b5 51. Kc6 b4 52. Kb7 b3 53. Kc6 b2 54. Kd5 b1=Q 55. Ke5 Qc5+ 56. Kf4 Qf1+ 57. Kg4 Qcg1+ 58. Kh4 Qf4+ 59. Kh5 Qfg5# 0-1

[Event "Hull CC - LEO ferme ch C"]
[Site "Gatineau CAN"]
[Date "2008.05.17"]
[Round "6"]
[White "MacIsaac, Alexandre"]
[Black "Berthiaume, Patrick"]
[Result "1-0"]
[WhiteElo "1356"]
[BlackElo "1214"]
[PlyCount "39"]
[GameId "2160767910351182"]
[EventDate "2008.04.15"]
[EventType "swiss"]
[EventRounds "6"]
[EventCountry "CAN"]
[SourceTitle "EXT 2022"]
[Source "ChessBase"]
[SourceDate "2021.10.06"]
[SourceVersion "1"]
[SourceVersionDate "2021.10.06"]
[SourceQuality "1"]

1. e4 e5 2. Nf3 Nf6 3. Nc3 Nc6 4. Bc4 Be7 5. d4 d6 6. dxe5 dxe5 7. Qxd8+ Bxd8 8. O-O Bg4 9. Ng5 O-O 10. f3 Bh5 11. f4 h6 12. Nf3 Bxf3 13. Rxf3 exf4 14. Bxf4 g5 15. Bxc7 Bxc7 16. Rxf6 Kg7 17. Raf1 Nd4 18. Rxf7+ Rxf7 19. Rxf7+ Kg6 20. Rxc7 1-0

[Event "Hull CC 29 Ann-A"]
[Site "Gatineau CAN"]
[Date "2008.09.09"]
[Round "1"]
[White "Desjardins, Michel"]
[Black "Brousseau, Yvan"]
[Result "0-1"]
[WhiteElo "1921"]
[BlackElo "1996"]
[PlyCount "204"]
[GameId "2160767910319843"]
[EventDate "2008.09.09"]
[EventType "tourn"]
[EventRounds "5"]
[EventCountry "CAN"]
[SourceTitle "EXT 2022"]
[Source "ChessBase"]
[SourceDate "2021.10.06"]
[SourceVersion "1"]
[SourceVersionDate "2021.10.06"]
[SourceQuality "1"]

1. e4 Nc6 2. Nc3 g6 3. d4 e5 4. d5 Nce7 5. Nf3 d6 6. Bg5 a6 7. Be2 h6 8. Be3 f5 9. g3 Nf6 10. Nd2 fxe4 11. Ndxe4 Nf5 12. Nxf6+ Qxf6 13. Ne4 Qe7 14. Bd2 Nd4 15. c3 Nxe2 16. Qxe2 Bd7 17. O-O-O O-O-O 18. h3 Bg7 19. f4 exf4 20. Bxf4 Kb8 21. g4 Rde8 22. Rde1 Qf7 23. Qd2 g5 24. Bg3 Rhf8 25. Rhf1 Qxf1 26. Rxf1 Rxf1+ 27. Kc2 Rxe4 28. Qd3 Rfe1 29. Bxe1 Rxe1 30. Qh7 Re7 31. Qg8+ Bc8 32. Qh7 b6 33. a4 Kb7 34. b4 Bd7 35. Kb3 c6 36. Qg8 Be8 37. dxc6+ Bxc6 38. a5 b5 39. Qd8 Bd5+ 40. Kc2 Rc7 41. Qxd6 Be4+ 42. Kd2 Bxc3+ 43. Ke3 Bc6 44. Qc5 Bb2 45. Qb6+ Kc8 46. Qxa6+ Kd7 47. Qb6 Bc1+ 48. Ke2 Bf4 49. Qd4+ Kc8 50. Qf6 Kb7 51. Qd4 Re7+ 52. Kf1 Bc7 53. Qc5 Rf7+ 54. Kg1 Rf3 55. a6+ Kxa6 56. Qxc6+ Bb6+ 57. Kg2 Rf4 58. Qa8+ Ba7 59. Qc6+ Bb6 60. Qxh6 Rxb4 61. Qxg5 Rc4 62. h4 b4 63. h5 b3 64. Qd5 Rb4 65. Qd3+ Ka5 66. h6 b2 67. Qb1 Rxg4+ 68. Kh3 Rb4 69. h7 Bd4 70. Qa2+ Kb5 71. Qd5+ Ka6 72. Qa2+ Kb6 73. Qe6+ Kc5 74. Qc8+ Kd5 75. Qd7+ Kc5 76. Qc7+ Kb5 77. Qb7+ Kc4 78. Qc6+ Kb3 79. Qd5+ Kc3 80. Qf3+ Kc2 81. Qe4+ Kb3 82. Qd5+ Rc4 83. Qb5+ Kc3 84. Qa5+ Kb3 85. Qb5+ Rb4 86. Qd5+ Ka3 87. Qa8+ Ra4 88. Qf3+ Ka2 89. Qd5+ Ka3 90. Qf3+ Kb4 91. Qb7+ Kc3 92. Qc6+ Rc4 93. Qf3+ Kc2 94. Qe2+ Kb3 95. Qd1+ Ka2 96. Qxd4 Rxd4 97. h8=Q Rd3+ 98. Kg4 b1=Q 99. Qa8+ Kb2 100. Qb7+ Kc2 101. Qg2+ Kc1 102. Qe4 Rg3+ 0-1

[Event "Hull CC 29 Ann-A"]
[Site "Gatineau CAN"]
[Date "2008.09.09"]
[Round "1"]
[White "Groleau, Gilles"]
[Black "Szalay, Karoly"]
[Result "0-1"]
[WhiteElo "1959"]
[BlackElo "2095"]
[PlyCount "100"]
[GameId "2160767910319844"]
[EventDate "2008.09.09"]
[EventType "tourn"]
[EventRounds "5"]
[EventCountry "CAN"]
[SourceTitle "EXT 2022"]
[Source "ChessBase"]
[SourceDate "2021.10.06"]
[SourceVersion "1"]
[SourceVersionDate "2021.10.06"]
[SourceQuality "1"]

1. e4 e5 2. Nf3 Nc6 3. Bb5 a6 4. Ba4 Nf6 5. Qe2 b5 6. Bb3 Bc5 7. a4 b4 8. Bxf7+ Kxf7 9. Qc4+ Ke8 10. Qxc5 Nxe4 11. Qe3 d5 12. d3 Nf6 13. Nxe5 Nxe5 14. Qxe5+ Qe7 15. Bf4 c5 16. O-O Qxe5 17. Bxe5 a5 18. Nd2 Bf5 19. Rfe1 Kf7 20. Bd6 Rhc8 21. Re7+ Kg8 22. b3 Ra6 23. Bg3 Re6 24. Rxe6 Bxe6 25. Re1 Bf7 26. c4 bxc3 27. Nf3 d4 28. Ne5 Bxb3 29. Ra1 c4 30. dxc4 Bxc4 31. Nxc4 Rxc4 32. Kf1 d3 33. Ke1 c2 34. Kd2 Ne4+ 35. Kxd3 c1=Q 36. Rxc1 Rxc1 37. Kxe4 Rc4+ 38. Kd3 Rxa4 39. Kc3 g5 40. Kb3 Ra1 41. Bc7 a4+ 42. Kb2 Rg1 43. g3 Rg2 44. h4 gxh4 45. gxh4 Rxf2+ 46. Ka3 Rc2 47. Bd6 Rc4 48. Bb4 Rxh4 49. Kxa4 h5 50. Kb3 Rxb4+ 0-1

[Event "Hull CC 29 Ann-A"]
[Site "Gatineau CAN"]
[Date "2008.09.09"]
[Round "1"]
[White "Libersan, Mattieu"]
[Black "Cossette, Daniel"]
[Result "0-1"]
[WhiteElo "1948"]
[BlackElo "2116"]
[PlyCount "124"]
[GameId "2160767910319845"]
[EventDate "2008.09.09"]
[EventType "tourn"]
[EventRounds "5"]
[EventCountry "CAN"]
[SourceTitle "EXT 2022"]
[Source "ChessBase"]
[SourceDate "2021.10.06"]
[SourceVersion "1"]
[SourceVersionDate "2021.10.06"]
[SourceQuality "1"]

1. e4 c5 2. Nf3 Nc6 3. d4 cxd4 4. Nxd4 Nf6 5. Nc3 g6 6. Be3 Bg7 7. Bc4 O-O 8. Bb3 a5 9. O-O a4 10. Bxa4 Nxe4 11. Bb3 Nxc3 12. bxc3 d6 13. Qd2 Bd7 14. Bh6 Rc8 15. Bxg7 Kxg7 16. Rfe1 Na5 17. f4 e6 18. f5 exf5 19. Bd5 Re8 20. Rxe8 Qxe8 21. Re1 Qd8 22. Qe3 Qf6 23. Qe7 Re8 24. Qxf6+ Kxf6 25. Rxe8 Bxe8 26. Kf2 Ke5 27. Bf3 d5 28. Nb3 b6 29. Nxa5 bxa5 30. Ke3 Bb5 31. g3 g5 32. Bh5 f6 33. a3 Bd7 34. Be2 f4+ 35. gxf4+ gxf4+ 36. Kf2 Bf5 37. Bd3 Be4 38. Ke2 f5 39. Kf2 Kf6 40. Ke2 Kg5 41. Kf2 Kg4 42. c4 dxc4 43. Bxc4 Bxc2 44. Be2+ Kh3 45. Kf3 Kxh2 46. Kxf4 Kg2 47. Bc4 h6 48. Be6 Kf2 49. Bd7 Ke2 50. Bb5+ Kd2 51. Bd7 Kc3 52. Be8 Kb2 53. a4 Ka3 54. Bd7 Kb4 55. Kg3 Bxa4 56. Bxf5 Bd1 57. Kf2 a4 58. Ke1 a3 59. Bb1 Bb3 60. Kf2 a2 61. Bxa2 Bxa2 62. Kg3 Bf7 0-1

[Event "Hull CC 29 Ann-A"]
[Site "Gatineau CAN"]
[Date "2008.09.16"]
[Round "2"]
[White "Cossette, Daniel"]
[Black "Desjardins, Michel"]
[Result "0-1"]
[WhiteElo "2116"]
[BlackElo "1921"]
[PlyCount "54"]
[GameId "2160767910319846"]
[EventDate "2008.09.09"]
[EventType "tourn"]
[EventRounds "5"]
[EventCountry "CAN"]
[SourceTitle "EXT 2022"]
[Source "ChessBase"]
[SourceDate "2021.10.06"]
[SourceVersion "1"]
[SourceVersionDate "2021.10.06"]
[SourceQuality "1"]

1. e4 d5 2. exd5 Qxd5 3. Nc3 Qd6 4. d4 Nf6 5. Nf3 a6 6. g3 Bg4 7. h3 Bh5 8. g4 Bg6 9. Nh4 Nc6 10. Be3 O-O-O 11. f4 e6 12. Nf3 Nd5 13. Nxd5 Qxd5 14. c3 h5 15. g5 Bd6 16. Be2 f6 17. Rg1 Qe4 18. Qd2 e5 19. fxe5 fxe5 20. d5 Ne7 21. Rd1 Rhf8 22. Rf1 Kb8 23. Bd3 Qxd3 24. Qf2 Qc4 25. Ba7+ Ka8 26. b3 Qxc3+ 27. Ke2 e4 0-1